000 00391nam a2200157Ia 4500
008 221030s9999 xx 000 0 und d
020 _a8120416104
041 _aEnglish
082 _a105.23
_bPar
100 _aU. Pareek
245 0 _aDesigning & Managing Human Resource Systems
260 _bOxford Unviersity Press
_aMumbai
_c2003
300 _a622
650 _aManagement
942 _cBK
999 _c1898
_d1898